Western Political Thought/ (Record no. 205099)

MARC details
000 -LEADER
fixed length control field 00643nam a22002057a 4500
005 - DATE AND TIME OF LATEST TRANSACTION
control field 20260410152514.0
010 ## - LCCN (DPL NO)
LC control number ENG-141333 ENG-148209
020 ## - INTERNATIONAL STANDARD BOOK NUMBER
International Standard Book Number 9789388658362
Terms of availability 350.00
035 ## - SYSTEM CONTROL NUMBER
System control number EN-124865
035 ## - SYSTEM CONTROL NUMBER
System control number EN-131741
037 ## - SOURCE OF ACQUISITION
Source of stock number/acquisition DBAD
082 ## - DEWEY DECIMAL CLASSIFICATION NUMBER
Classification number 921
Edition number 4
100 ## - MAIN ENTRY--PERSONAL NAME
Personal name Gauba, O.P.
245 ## - TITLE STATEMENT
Title Western Political Thought/
Statement of responsibility, etc By O.P. Gauba
250 ## - EDITION STATEMENT
Edition statement 4
260 ## - PUBLICATION, DISTRIBUTION, ETC. (IMPRINT)
Place of publication, distribution, etc New Delhi
Name of publisher, distributor, etc National Paperbacks
Date of publication, distribution, etc 2018
270 ## - ADDRESS
City New Delhi
Address 4230/1, Ansari Road, Darya Ganj
Postal code 110002
Electronic mail address nationalpaperbacks2018@gmail.com
Telephone number 011-41040710
-- 011-47014602
300 ## - PHYSICAL DESCRIPTION
Extent 380p.
Other physical details Index
Dimensions 24cm(pbk)
942 ## - ADDED ENTRY ELEMENTS (KOHA)
Source of classification or shelving scheme Dewey Decimal Classification
Item type English Books
Classification part 921
Call number suffix GAU
Edition 4
Holdings
Withdrawn status Lost status Not for loan Collection code Home library Current library Date acquired Source of acquisition Cost, normal purchase price Full call number Barcode Copy number Cost, replacement price Koha item type
    Not For Loan Non-fiction D.B.Act.Division D.B.Act.Division 10/04/2026 Delivery of Books Act Division 350.00 921 GAU EN-131741 1 350.00 English Books
      Non-fiction Shahdara Branch Shahdara Branch 20/08/2024 DBAD 350.00 921 GAU EN-124865 1 350.00 English Books

© Delhi Public Library
Hit Counter
free hit counter